|
|
|
|
| LEADER |
01167nam a2200265 4500 |
| 001 |
c000311057 |
| 003 |
CARM |
| 005 |
00000000000000.0 |
| 008 |
730221s1972 dcu b 10000 eng |
| 019 |
1 |
|
|a 595955
|5 LACONCORD2021
|
| 035 |
|
|
|a (OCoLC)589329
|5 LACONCORD2021
|
| 050 |
0 |
0 |
|a LB1570
|b .S346
|
| 082 |
0 |
0 |
|a 370
|
| 245 |
0 |
4 |
|a The School of the future, now.
|c Prepared by the ASCD Council on Continuous Education. Edited by J. Galen Saylor.
|
| 260 |
|
|
|a Washington,
|b Association for Supervision and Curriculum Development
|c [1972]
|
| 300 |
|
|
|a vi, 130 p.
|c 23 cm.
|
| 500 |
|
|
|a Papers presented at a conference sponsored by the ASCD Council on Continuous Education, and held in Chicago Oct. 28-30, 1971.
|
| 504 |
|
|
|a Includes bibliographical references.
|
| 650 |
|
0 |
|a Education.
|
| 650 |
|
0 |
|a Curriculum planning.
|
| 700 |
1 |
0 |
|a Saylor, J. Galen
|q (John Galen),
|d 1902-
|e ed.
|
| 710 |
2 |
0 |
|a ASCD Council on Continuous Education.
|
| 852 |
8 |
|
|b CARM
|h A3:AD32B0
|i B11436
|p 0472601
|f BK
|
| 999 |
f |
f |
|i 1a25a203-e8ee-5f45-92c7-5af53008882d
|s 091d04b4-9da9-5fc7-8ee3-98a2e3980baa
|
| 952 |
f |
f |
|p Can circulate
|a CAVAL
|b CAVAL
|c CAVAL
|d CARM 1 Store
|e B11436
|f A3:AD32B0
|h Other scheme
|i book
|m 0472601
|